000 01272cam a22003134i 4500
001 11867350
003 EG-ScBUE
005 20250629093020.0
008 991213s2000 enka f b 001 0 eng d
020 _a0198526768
020 _a9780198526766
040 _aEG-ScBUE
_beng
_erda
_cEG-ScBUE
_dEG-ScBUE
082 0 4 _a538.362
_222
_bBLU
100 1 _aBlümich, Bernhard,
_96002
_eauthor.
245 1 0 _aNMR imaging of materials /
_cBernhard Blümich, Institute Für Technische Chemie und Makromolekulare Chemie Rheinisch-Westfälische Technische Hochschule Aachen.
264 1 _aOxford :
_bClarendon Press,
_c2000.
300 _axxiii, 541 pages :
_billustrations ;
_c25 cm.
336 _2rdacontent
_atext
_btxt
337 _aunmediated
_2rdamedia
_bn
338 _avolume
_bnc
_2rdacarrier
490 0 _aMonographs on the physics and chemistry of matrials
504 _aIncludes bibliographical references and index.
650 7 _aNuclear magnetic resonance.
_96004
_2BUEsh
650 7 _aMaterials science.
_96005
_2BUEsh
655 _vReading book
856 4 2 _3Publisher description
_uhttp://www.loc.gov/catdir/enhancements/fy0606/99087343-d.html
856 4 1 _3Table of contents only
_uhttp://www.loc.gov/catdir/enhancements/fy0606/99087343-t.html
942 _2ddc
_cBB
999 _c11789
_d11789